LEADER 02754oam 2200733I 450 001 9910783855303321 005 20230617005437.0 010 $a1-135-47917-8 010 $a1-135-47916-X 010 $a1-280-11221-2 010 $a9786610112210 010 $a0-203-32406-4 024 7 $a10.4324/9780203324066 035 $a(CKB)1000000000250630 035 $a(EBL)199795 035 $a(OCoLC)171116351 035 $a(SSID)ssj0000298785 035 $a(PQKBManifestationID)11232629 035 $a(PQKBTitleCode)TC0000298785 035 $a(PQKBWorkID)10363057 035 $a(PQKB)10279439 035 $a(MiAaPQ)EBC199795 035 $a(Au-PeEL)EBL199795 035 $a(CaPaEBR)ebr10094785 035 $a(CaONFJC)MIL11221 035 $a(OCoLC)647404605 035 $a(OCoLC)889813880 035 $a(EXLCZ)991000000000250630 100 $a20180331d2005 uy 0 101 0 $aeng 135 $aur|n|---||||| 181 $ctxt 182 $cc 183 $acr 200 10$aHolding fast $ethe struggle to create resilient caregiving organizations /$fWilliam A. Kahn 210 1$aHove, East Sussex ;$aNew York :$cBrunner-Routledge,$d2005. 215 $a1 online resource (257 p.) 300 $aDescription based upon print version of record. 311 $a1-58391-936-8 311 $a1-58391-937-6 320 $aIncludes bibliographical references and index. 327 $aBook Cover; Title; Copyright; Contents; 1 Caregiving organizations defined; 2 The stress of caregiving work; 3 Resilience under stress; 4 System breakdowns; 5 Caregivers and casualties; 6 Authority at work; 7 Divided they fall; 8 Teams, real and imaginary; 9 Politics; 10 Running in place; 11 The leadership task; 12 Negotiating dependency; 13 Leadership and change; References; Index; 330 $aIn Holding Fast the stresses faced by caregiving organizations are identified and appropriate strategies for tackling these to create a resilient, effective organization are discussed 606 $aHuman services 606 $aHuman services personnel$xJob stress 606 $aCaregivers$xJob stress 606 $aHuman services$xManagement 606 $aOrganizational effectiveness 606 $aCounselor and client 615 0$aHuman services. 615 0$aHuman services personnel$xJob stress. 615 0$aCaregivers$xJob stress. 615 0$aHuman services$xManagement. 615 0$aOrganizational effectiveness. 615 0$aCounselor and client. 676 $a361/.0068/3 700 $aKahn$b William A.$f1959,$01470651 801 0$bMiAaPQ 801 1$bMiAaPQ 801 2$bMiAaPQ 906 $aBOOK 912 $a9910783855303321 996 $aHolding fast$93682649 997 $aUNINA LEADER 04466nam 2200649 a 450 001 9910166658903321 005 20250704110837.0 010 $a84-15636-03-2 010 $a84-9096-126-3 035 $a(CKB)2670000000254285 035 $a(EBL)3201559 035 $a(OCoLC)923035906 035 $a(SSID)ssj0000819419 035 $a(PQKBManifestationID)11517653 035 $a(PQKBTitleCode)TC0000819419 035 $a(PQKBWorkID)10844896 035 $a(PQKB)11670890 035 $a(MiAaPQ)EBC3201559 035 $a(FrMaCLE)OB-cvz-1363 035 $a(oapen)https://directory.doabooks.org/handle/20.500.12854/40589 035 $a(PPN)202674266 035 $a(NyNyDIG)DIGVELQZ0010 035 $a(oapen)doab40589 035 $a(EXLCZ)992670000000254285 100 $a20201210e2009 || | 101 0 $aspa 135 $aur|n|---||||| 181 $ctxt$2rdacontent 182 $cc$2rdamedia 183 $acr$2rdacarrier 200 03$aAl-Andalus, Espan?a $ehistoriografi as en contraste : siglos XVII-XXI /$festudios reunidos y presentados por Manuela Mari?n 210 $cCasa de Vela?zquez$d2009 210 1$aMadrid :$cCasa de Vela zquez,$d2009. 215 $a1 online resource (473 pages) 225 0 $aCollection de la Casa de Vela zquez ;$v109. 300 $aDescription based upon print version of record. 311 08$a84-96820-24-6 327 $aAL-ANDALUS/ESPAN A. HISTORIOGRAFI AS EN CONTRASTE: SIGLOS XVII-XXI; PA GINA LEGAL; I NDICE; PRESENTACIO?N; AL-ANDALUS Y LA LENGUA A RABE EN LA ESPAN A DE LOS SIGLOS DE ORO; AL-ANDALUS Y LAS CIUDADES MERIDIONALES; DE REINHART DOZY A E VARISTE LE VI-PROVENCAL OU DE L'E RE DES RE VOLUTIONS A CELLE DE L'ISLAMOLOGIE; AL-ANDALUS Y ESPAN A (...); AL-ANDALUS DANS LES TRAVAUX D'HENRI PE RE S ET D'HENRI TERRASSE (1932-1966); LOS ESTUDIOS SOBRE BEREBERES EN LA HISTORIOGRAFI A ESPAN OLA; AL-ANDALUS ENTRE ORIENT ET OCCIDENT (...); ARCHE OLOGIE DU MAGHREB ISLAMIQUE, ARCHE OLOGIE D'AL-ANDALUS, ARCHE OLOGIE ESPAGNOLE ? 327 $aALANDALU S Y LA HISTORIOGRAFI A DE CATALUN AAL-ANDALUS EN LA HISTORIOGRAFI A PORTUGUESA (DEL SIGLO XIX A INICIOS DEL XXI); AL-ANDALUS VU DE VALENCE; DOS CALAS EN LA VISIO?N SOBRE AL-A NDALUS DEL ORIENTALISMO EUROPEO; «DESDE EL SINAI DE SU ARA BIGA ERUDICIO?N» ; OMEYAS DE DAMASCO, OMEYAS DE CO RDOBA; EL ESPI RITU FILOLO GICO; LA SOMBRA ALARGADA DE WITTFOGEL; LA QUESTION « MOZARABE » ; AL-ANDALUS EN EL PENSAMIENTO FASCISTA ESPAN OL; AL-ANDALUS AU MIROIR DU MULTICULTURALISME; BIBLIOGRAFI A; RESU MENES; RE SUME S; ABSTRACTS 330 $a» Pertenece la historia de al-Andalus a la historia de Espan?a? » Que? relaciones cabe establecer entre ellas? Una fuerte corriente historiogra?fica puso el acento, en el siglo xx, en la hispanizacio?n de al-Andalus, convertido asi? en «Espan?a musulmana» y habitado por espan?oles que, por azares de la historia, eran musulmanes. En tiempos ma?s recientes, esa tradicio?n, de marcado cara?cter esencialista, se ha visto superada por interpretaciones que? situ?an al-Andalus en un contexto ma?s definido por elementos magrebi?es y orientales que? por los propiamente hispa?nicos. En este libro se plantea una revisio?n de la historiografi?a espan?ola, francesa y portuguesa sobre la historia de al-Andalus, desde una mirada cri?tica que? abarca otros temas igualmente centrales para la comprensio?n de un feno?meno histo?rico que? ha generado y continu?a generando pole?mica. En torno a la reivindicacio?n o la repulsa de lo andalusi?, se han creado paradigmas culturales de gran potencia, se han marcado li?neas divisorias y a?reas de contacto o de conflicto. Todo ello no puede eliminarse de un plumazo o contemplarse con una mirada desden?osa: forma parte de un pasado que? todavi?a hoy solivianta a muchos, mientras que? atrae a otros, lo que? quiere decir que? su actualidad sigue vigente. 606 $aHistoria$zEspan?a$ys.VIII-XV$xhistoriografi a$vestudios y conferencias 607 $aSpain$xHistoriography 610 $ahistoriographie 610 $aXXème siècle 610 $aEspagne 610 $aal-Andalus 615 4$aHistoria$xhistoriografi a 676 $a9460072 701 $aMarin$b Manuela$0553557 712 02$ae-libro, Corp. 801 0$bMiAaPQ 801 1$bMiAaPQ 801 2$bMiAaPQ 906 $aBOOK 912 $a9910166658903321 996 $aAl-Andalus, Espan?a$93359890 997 $aUNINA